000
00323nam a2200133Ia 4500
008
150301s2008 xx 000 0 und d
082
_a
611
_b
H08G
100
_a
GIREESH, GR
245
_a
HUMAN GENETICS FOR NURSES
260
_b
AP. JAIN & COMP.
_a
DELHI
_c
2008
300
_a
186
650
_a
HUMAN GENETICS
942
_2
ddc
_c
BK
999
_c
6769
_d
6769